000 01035nam a22002297a 4500
020 _a9781610270182
082 0 0 _a347.735
_bCAR
100 1 _aCardozo, Benjamin N.
_q(Benjamin Nathan),
_d1870-1938.
_994447
245 1 4 _aThe Nature of the Judicial Process /
_cBenjamin N. Cardozo.
260 _aNew Orleans :
_bLouisiana,
_c2010.
300 _a119 p. ;
_c22 cm.
500 _aOriginally published: New Haven : Yale University Press, 1921.
500 _aDelivered in the William L. Storrs lecture series, 1921, before the Law school of Yale university.
504 _aIncludes bibliographical references.
650 0 _aJudicial process
_zUnited States.
_985394
650 0 _aJudicial process.
_985393
650 0 _aLaw
_xPhilosophy.
_935308
856 4 2 _3Publisher description
_uhttp://www.loc.gov/catdir/enhancements/fy0624/2005047410-d.html
906 _a7
_bcbc
_corignew
_d1
_eocip
_f20
_gy-gencatlg
942 _2ddc
_cBK
999 _c590498
_d590498